000 005210000a22001690004500
003 MACL
005 20160209162501.0
008 160209b xxu||||| |||| 00| 0 eng d
040 _aMACL
_cMACL
041 _aHindi
082 _a100
100 _aविवेकानन्‍द स्‍वामी
_936998
245 _aभक्ति और वेदान्‍त
260 _bवैदिक पुस्‍तकालय
_c1950
_aबनारस
650 _aPhilisophy
_937502
942 _cHIN
_k100
_2ddc
999 _c24070
_d24070